000 01544nam a2200373 i 4500
005 20200104041534.0
008 140306s1992 ck ab gr|||| 00| 0 spa d
020 _a9589543715
040 _aCO-BoIAVH
_cCO-BoIAVH
041 0 _aspa
044 _ack
082 0 4 _a986.18617
_bA55a
245 0 0 _aAmazonia colombiana diversidad y conflicto
_cEditores, German I. Andrade, Adriana Hurtado G., Ricardo Torres ; COLCIENCIAS, Comisión Nacional de Investigaciones Amazónicas , CEGA.
260 _aBogotá :
_bCEGA :
_bComisión Nacional de Investigaciones Amazónicas :
_bCOLCIENCIAS ,
_c1992.
300 _a404 páginas :
_bIlustraciones y mapas ;
_c23 cm.
650 1 6 _aCaracterización ecológica
650 2 6 _aRecursos Naturales
650 2 6 _aPoblación humana
650 2 6 _aPolítica ambiental
650 2 6 _aDeforestación
650 6 _aGestión ambiental
650 2 6 _aAreas protegidas
650 2 6 _aPoblamiento
650 6 _aMinería
650 2 6 _aGrupos indígenas
700 1 _aAndrade , Germán I.
_eeditor.
700 1 _aHurtado G., Adriana,
_eeditora.
700 1 _aTorres, Ricardo,
_eeditor.
710 2 _aInstituto Nacional de Recursos Naturales Renovables y del Ambiente
710 2 _aPrograma de Estímulo a la Investigación del Bosque Húmedo Tropical
710 2 _aCorporación Colombiana para la Amazonia "Araracuara"
710 2 _aConglomerado Banganadero de Colombia
942 _cLIBRO
_2ddc
_01
999 _c2652
_d2652